Akcelerátory a prekážky rastu scale-upov

Salvato in:
Dettagli Bibliografici
Autore principale: Mišúnová Hudáková, Ivana, 1976-
Natura: Capitolo di libro
Lingua:slovacco
inglese
Soggetti:
Tags: Aggiungi Tag
Nessun Tag, puoi essere il primo ad aggiungerne!!

MARC

LEADER 00000naa$a2200000$$$4500
001 0290222
005 20240513101334.7
041 0 |a slo 
041 0 |a eng 
044 |a SK 
245 1 0 |a Akcelerátory a prekážky rastu scale-upov  |c Ivana Mišúnová Hudáková 
500 |a Abstrakt 
610 2 0 |a modely 
610 2 0 |a prostredie podnikateľské 
610 2 0 |a príležitosť pracovná 
610 2 0 |a inovácia 
610 2 0 |a rast podniku 
610 2 0 |a scale-up 
100 1 |a Mišúnová Hudáková, Ivana, 1976-